Nesplnenie povinností uložených zákonom o dani z nehnuteľnosti sa sankcionuje
Pokuta za nesplnenie oznamovacej povinnosti. Sankcia za oneskorene podané priznanie k dani z nehnuteľnosti. Penále - sankcia za porušenie finančnej disciplíny. Pokuta za nesplnenie povinností nepeňažnej povahy. Možnosť odpustenia uvedených sankcií.
Enregistré dans:
| Auteur principal: | |
|---|---|
| Format: | Chapitre de livre |
| Langue: | slovaque |
| Sujets: | |
| Tags: |
Pas de tags, Soyez le premier à ajouter un tag!
|
MARC
| LEADER | 00000naa a2200000 4500 | ||
|---|---|---|---|
| 001 | r049558 | ||
| 005 | 20230927071913.3 | ||
| 041 | 0 | |a slo | |
| 044 | |a SK | ||
| 245 | 1 | 0 | |a Nesplnenie povinností uložených zákonom o dani z nehnuteľnosti sa sankcionuje |c Irena Bubeníková |
| 520 | |a Pokuta za nesplnenie oznamovacej povinnosti. Sankcia za oneskorene podané priznanie k dani z nehnuteľnosti. Penále - sankcia za porušenie finančnej disciplíny. Pokuta za nesplnenie povinností nepeňažnej povahy. Možnosť odpustenia uvedených sankcií. | ||
| 610 | 2 | 0 | |a dane z nehnuteľností |
| 610 | 2 | 0 | |a priznania daňové |
| 610 | 2 | 0 | |a sankcie |
| 610 | 2 | 0 | |a pokuty |
| 610 | 2 | 0 | |a penále |
| 100 | 1 | |a Bubeníková, Irena | |